书目信息 |
| 题名: |
中国近代史七字歌
|
|
| 作者: | 刘毅然 编 | |
| 分册: | ||
| 出版信息: | 北京 人民教育出版社 1984 |
|
| 页数: | 93页 | |
| 开本: | 19cm | |
| 丛书名: | ||
| 单 册: | ||
| 中图分类: | K251.09 | |
| 科图分类: | ||
| 主题词: | 近代史-中国--通俗读物 | |
| 电子资源: | ||
| ISBN: | ||
| 000 | 00653nam0 2200229 450 | |
| 001 | 1537304397 | |
| 005 | 20150130102200.03 | |
| 010 | @dCNY0.34 | |
| 091 | @a7012.0782 | |
| 100 | @a19950610e19851984em y0chiy0110 ea | |
| 101 | 0 | @achi |
| 102 | @aCN@b110000 | |
| 105 | @af z 000yy | |
| 200 | 1 | @a中国近代史七字歌@9zhong guo jin dai shi qi zi ge@e一八四O年--一九九一年@f刘毅然编 |
| 210 | @a北京@c人民教育出版社@d1984@h1985重印 | |
| 215 | @a93页@c图@d19cm | |
| 606 | 0 | @a近代史-中国@x通俗读物 |
| 607 | @a中国-近代史@x通俗读物 | |
| 690 | @aK251.09@v5 | |
| 701 | 0 | @a刘毅然@9liu yi ran@4编 |
| 801 | 0 | @aCN@bTSSF@c20150130 |
| 905 | @aZUCC@dK251.09@eJY1 | |
| 中国近代史七字歌:一八四O年--一九九一年/刘毅然编.-北京:人民教育出版社,1984(1985重印) |
| 93页:图;19cm |
| ISBN :CNY0.34 |
| ● |
| 相关链接 |
|
|
|
|
正题名:中国近代史七字歌
索取号:K251.09/JY1
 
预约/预借
| 序号 | 登录号 | 条形码 | 馆藏地/架位号 | 状态 | 备注 |
| 1 | 7844845 | 278448459 | 学院路分馆/ [索取号:K251.09/JY1] | 在馆 | |
| 2 | 7844846 | 278448468 | 学院路分馆/ [索取号:K251.09/JY1] | 在馆 |